[Event "Bled/Portoroz"]
[Site "Bled"]
[Date "1979.??.??"]
[Round "?"]
[White "Marjanovic, Slavoljub"]
[Black "Kuzmin, Gennadi P"]
[Result "0-1"]
[WhiteElo "2505"]
[BlackElo "2565"]
[PlyCount "104"]
[EventDate "1979.06.??"]
[Source "ChessBase"]

1. e4 c5 2. Nc3 Nc6 3. g3 g6 4. Bg2 Bg7 5. d3 e6 6. f4 Nge7 7. Nf3 d5 8. O-O b6 9. Bd2 Bb7 10. Rb1 Nd4 11. Ne5 O-O 12. Re1 Qc7 13. Be3 dxe4 14. Nxe4 Rad8 15. Bf2 Bd5 16. a3 Ndc6 17. Nf3 c4 18. d4 Qb7 19. c3 Na5 20. Ned2 Nf5 21. g4 Nd6 22. Bg3 Nb3 23. Qe2 a5 24. f5 Nxd2 25. Nxd2 exf5 26. Bxd6 Rxd6 27. Bxd5 Qxd5 28. Qxc4 Qb7 29. Re2 fxg4 30. Rbe1 b5 31. Qd3 Qd5 32. Qe4 f5 33. Qe7 f4 34. Qh4 f3 35. Re8 Qf5 36. Rxf8+ Bxf8 37. Qf2 h5 38. Re5 Qd3 39. Ne4 Qb1+ 40. Qf1 Qxb2 41. Rxb5 Qc2 42. Nf2 Qxc3 43. Qb1 Re6 44. Kf1 Qxd4 45. Qb3 Qe3 46. Qxe3 Rxe3 47. Rxa5 Rxa3 48. Rxa3 Bxa3 49. Ne4 Kf7 50. h3 Ke6 51. Kf2 Ke5 52. Nc3 Bb4 0-1

[Event "Pappier Memorial A"]
[Site "?"]
[Date "1998.??.??"]
[Round "?"]
[White "Blasberg Gabriel S"]
[Black "Kempen Heinz Erich van (GE"]
[Result "0-1"]
[WhiteElo "2505"]
[BlackElo "2565"]
[PlyCount "80"]
[EventDate "1998.??.??"]
[Source "www.chesslib.no"]
[SourceDate "2004.05.04"]

1. e4 c5 2. Nc3 Nc6 3. g3 g6 4. Bg2 Bg7 5. d3 Rb8 6. Be3 b5 7. Qd2 b4 8. Nd1 d6 9. Ne2 e5 10. O-O Nd4 11. f4 Bg4 12. Nc1 exf4 13. Bxf4 Ne6 14. Ne2 Nxf4 15. Qxf4 Qd7 16. Bf3 Be6 17. Qd2 h5 18. Nf4 Ne7 19. Nxe6 fxe6 20. Be2 Bh6 21. Qe1 Nc6 22. c3 Qg7 23. Bf3 O-O 24. Bg2 Rxf1+ 25. Qxf1 bxc3 26. bxc3 Bd2 27. Bh3 Re8 28. Rb1 Bxc3 29. Nxc3 Qxc3 30. Rb7 Nd8 31. Rd7 Rf8 32. Qb1 Qe5 33. Kh1 a5 34. Rc7 g5 35. Bf1 Nf7 36. Ra7 Qd4 37. Rxa5 Ne5 38. Qc1 Kh7 39. Ra7+ Kg6 40. Re7 Nxd3 0-1

[Event "Belgrade IKO"]
[Site "Belgrade"]
[Date "1992.??.??"]
[Round "4"]
[White "Nikolic, Zivoslav"]
[Black "Damljanovic, Branko"]
[Result "1/2-1/2"]
[WhiteElo "2475"]
[BlackElo "2595"]
[PlyCount "107"]
[EventDate "1992.07.??"]
[Source "ChessBase"]

1. e4 c5 2. Nc3 Nc6 3. g3 g6 4. Bg2 Bg7 5. Nge2 d6 6. O-O e5 7. Nd5 Nge7 8. Nec3 O-O 9. d3 Nxd5 10. Nxd5 Be6 11. f4 Bxd5 12. exd5 Ne7 13. c3 exf4 14. Bxf4 Qd7 15. Qd2 Rae8 16. Rae1 Kh8 17. Re2 Ng8 18. Rfe1 Rxe2 19. Rxe2 h5 20. c4 Kh7 21. b3 b6 22. h3 Nh6 23. Qe1 Bf6 24. h4 Bd4+ 25. Kh1 Ng4 26. Re7 Qf5 27. Qf1 Qf6 28. Qe2 Be5 29. Bg5 Qg7 30. Bh3 Bxg3 31. Bxg4 hxg4 32. Kg2 Be5 33. Qxg4 Bf6 34. Re3 Bxg5 35. hxg5 Qb2+ 36. Qe2 Qc3 37. Qe1 Qb2+ 38. Qf2 Qc3 39. Qe1 Qb2+ 40. Qe2 Qd4 41. Qf2 Kg7 42. Rh3 Qg4+ 43. Rg3 Qf5 44. Qe3 Rh8 45. Qe4 Rh5 46. Qe3 Rh4 47. a3 b5 48. a4 bxa4 49. bxa4 Qd7 50. a5 Qa4 51. Qd2 Qa1 52. Rh3 Rg4+ 53. Rg3 Rh4 54. Rh3 1/2-1/2

[Event "BL 0607 SV Mülheim Nord - SC Kreuzberg"]
[Site "Germania"]
[Date "2007.03.31"]
[Round "14.3"]
[White "Tischbierek, Raj"]
[Black "Golod, Vitali"]
[Result "1/2-1/2"]
[WhiteElo "2486"]
[BlackElo "2582"]
[PlyCount "46"]
[EventDate "2006.10.28"]
[Source "www.chesslib.no"]
[SourceDate "2004.05.04"]

1. e4 c5 2. Nc3 Nc6 3. g3 g6 4. Bg2 Bg7 5. d3 Rb8 6. h4 Nf6 7. Nd5 h5 8. Nh3 d6 9. O-O Bd7 10. c3 b5 11. a3 a5 12. Nxf6+ Bxf6 13. Be3 Ne5 14. Bg5 Bg7 15. f4 Ng4 16. f5 O-O 17. fxg6 fxg6 18. Qe2 Bf6 19. Bd2 Kg7 20. Nf4 Be5 21. Kh1 b4 22. axb4 axb4 23. Ra7 bxc3 1/2-1/2

[Event "Deutschland-Cup"]
[Site "Deutschland-Cup"]
[Date "1989.??.??"]
[Round "?"]
[White "Lobron, Eric"]
[Black "Polgar, Zsuzsa"]
[Result "1-0"]
[WhiteElo "2555"]
[BlackElo "2510"]
[PlyCount "61"]
[EventDate "1989.??.??"]
[Source "www.chesslib.no"]
[SourceDate "2004.05.04"]

1. e4 c5 2. Nc3 Nc6 3. Nge2 Nf6 4. g3 e6 5. Bg2 d5 6. exd5 exd5 7. d4 cxd4 8. Nxd4 Bb4 9. O-O O-O 10. Bg5 Bxc3 11. bxc3 h6 12. Be3 Bg4 13. Nxc6 bxc6 14. Qd4 Be2 15. Rfe1 Bc4 16. Bf4 Nd7 17. Rab1 Re8 18. Bh3 Bxa2 19. Rbd1 Bc4 20. Rxe8+ Qxe8 21. Bxd7 Qxd7 22. Qxc4 Qg4 23. Qd3 a5 24. Ra1 a4 25. c4 dxc4 26. Qxc4 g5 27. h3 Qxh3 28. Be3 a3 29. Qxc6 Rc8 30. Qe4 Qd7 31. Rxa3 1-0

[Event "Helsinki op"]
[Site "Helsinki"]
[Date "1992.??.??"]
[Round "2"]
[White "Murey, Jacob"]
[Black "Pigusov, Evgeny"]
[Result "1/2-1/2"]
[WhiteElo "2500"]
[BlackElo "2565"]
[PlyCount "66"]
[EventDate "1992.09.??"]
[Source "ChessBase"]

1. e4 c5 2. Nc3 Nc6 3. g3 g6 4. Bg2 Bg7 5. Nge2 Rb8 6. O-O b5 7. Nd5 e6 8. Ne3 Nge7 9. c3 b4 10. f4 f5 11. d3 O-O 12. c4 Bb7 13. Rb1 Nd4 14. b3 Nec6 15. Rb2 a5 16. Nxd4 Nxd4 17. g4 Bc6 18. gxf5 exf5 19. Rbf2 d6 20. Bb2 Qd7 21. exf5 Bxg2 22. Rxg2 Rbe8 23. Qd2 Nxf5 24. Nxf5 Rxf5 25. d4 Qf7 26. dxc5 Bxb2 27. Qxb2 Rxf4 28. Rxf4 Qxf4 29. Qd2 Qh4 30. Rg3 dxc5 31. Qd5+ Kg7 32. Qxc5 Re2 33. Qa7+ Kf6 1/2-1/2

[Event "Bor"]
[Site "Bor"]
[Date "1986.??.??"]
[Round "11"]
[White "Ivanovic, Bozidar"]
[Black "Velimirovic, Dragoljub"]
[Result "1/2-1/2"]
[WhiteElo "2485"]
[BlackElo "2575"]
[PlyCount "29"]
[EventDate "1986.10.??"]
[Source "www.chesslib.no"]
[SourceDate "2004.05.04"]

1. e4 c5 2. Nc3 Nc6 3. g3 e6 4. Bg2 Nf6 5. Nge2 d5 6. exd5 exd5 7. O-O d4 8. Ne4 Nxe4 9. Bxe4 Bd6 10. d3 O-O 11. Nf4 Ne5 12. h3 Rb8 13. Bd2 b6 14. Re1 Bb7 15. Nd5 1/2-1/2

[Event "56th ch-RUS"]
[Site "Krasnoyarsk"]
[Date "2003.09.08"]
[Round "5"]
[White "Grigoriants, Sergey"]
[Black "Sveshnikov, Evgeny"]
[Result "1/2-1/2"]
[WhiteElo "2499"]
[BlackElo "2561"]
[PlyCount "151"]
[EventDate "2003.09.03"]
[Source "Roberto Alvarez"]
[SourceDate "2003.09.15"]

1. e4 c5 2. Nc3 Nc6 3. g3 Nf6 4. Bg2 e6 5. f4 d5 6. e5 Nd7 7. Nf3 Rb8 8. d3 b5 9. a3 a5 10. O-O b4 11. axb4 axb4 12. Ne2 Be7 13. Kh1 O-O 14. g4 f6 15. exf6 Nxf6 16. h3 Bd6 17. c4 bxc3 18. bxc3 Qc7 19. Ng5 Ne7 20. Qe1 Re8 21. Nf3 Ng6 22. Nh4 Qf7 23. Bf3 Rf8 24. Be3 Ne8 25. Nxg6 Qxg6 26. f5 exf5 27. Nf4 Bxf4 28. Bxf4 Rb6 29. Qe7 Bb7 30. Ra7 fxg4 31. Bxg4 h5 32. Rxb7 Rxb7 33. Qxb7 Qxd3 34. Be6+ Kh7 35. Qb1 Qxb1 36. Rxb1 Rxf4 37. Bxd5 Nf6 38. Bg2 g5 39. Re1 g4 40. hxg4 Nxg4 41. Kg1 Kg6 42. Bd5 Kg5 43. Re2 Rf5 44. Bb7 Rf7 45. Bd5 Rd7 46. c4 Kf4 47. Re8 Rg7 48. Rc8 Re7 49. Rf8+ Kg3 50. Rf3+ Kh4 51. Rf8 Re5 52. Rf4 Re3 53. Kg2 Kg5 54. Rf8 Re2+ 55. Kf1 Re5 56. Rc8 Kh4 57. Kg2 Rf5 58. Bf3 Ne3+ 59. Kf2 Nxc4 60. Kg2 Ne5 61. Bxh5 Ng4 62. Bxg4 Kxg4 63. Re8 c4 64. Rc8 Rf4 65. Rc5 Kh4 66. Rd5 Kg4 67. Rc5 Rd4 68. Kf2 Kf4 69. Ke2 Ke4 70. Rc7 Ke5 71. Rc6 Kd5 72. Rc8 Rd3 73. Rd8+ Ke4 74. Rxd3 cxd3+ 75. Kd2 Kd4 76. Kd1 1/2-1/2

[Event "DEN-ch"]
[Site "Aarhus"]
[Date "1999.04.03"]
[Round "8"]
[White "Fries Nielsen, Jens Ove"]
[Black "Hansen, Curt"]
[Result "1-0"]
[WhiteElo "2447"]
[BlackElo "2608"]
[PlyCount "81"]
[EventDate "1999.03.??"]
[Source "ChessBase"]
[SourceDate "1999.08.01"]

1. e4 c5 2. Nc3 Nc6 3. g3 g6 4. Bg2 Bg7 5. Nge2 d6 6. d3 e5 7. h4 h6 8. Nd5 Nge7 9. c4 Nxd5 10. cxd5 Nb8 11. Be3 Nd7 12. Qd2 b6 13. a3 a5 14. Nc3 Nf6 15. f3 Nh5 16. Ne2 f5 17. exf5 gxf5 18. f4 Qf6 19. Bf3 Qf7 20. O-O-O Nf6 21. Nc3 Bb7 22. Qg2 O-O 23. Rhf1 Kh8 24. fxe5 dxe5 25. Qd2 h5 26. Bh6 Rad8 27. Rde1 Nxd5 28. Bxd5 Bxd5 29. Qg5 Be6 30. Bxg7+ Qxg7 31. Qxh5+ Kg8 32. Qe2 Bc8 33. Qxe5 Qxe5 34. Rxe5 Rxd3 35. g4 f4 36. Nd5 Bb7 37. Rg5+ Kh7 38. Rxf4 Rxf4 39. Nxf4 Rg3 40. Nh5 Rg1+ 41. Kd2 1-0

[Event "ISR-chT"]
[Site "Israel"]
[Date "1996.??.??"]
[Round "3"]
[White "Oratovsky, Michael"]
[Black "Huzman, Alexander"]
[Result "0-1"]
[WhiteElo "2485"]
[BlackElo "2570"]
[PlyCount "72"]
[EventDate "1996.??.??"]
[Source "ChessBase"]

1. e4 e6 2. d3 c5 3. g3 Nc6 4. Bg2 g6 5. Nc3 Bg7 6. Be3 Nd4 7. Nce2 d6 8. c3 Nc6 9. f4 Nge7 10. Nf3 b6 11. O-O O-O 12. Bf2 Bb7 13. d4 Rc8 14. dxc5 dxc5 15. Qc2 Qc7 16. e5 Na5 17. g4 f6 18. exf6 Bxf6 19. Rad1 Nd5 20. Nd2 Bg7 21. Ne4 Nc4 22. Qb3 Nce3 23. Bxe3 c4 24. Bxb6 axb6 25. Qb5 Bc6 26. Qxc4 Ne3 27. Qxe6+ Kh8 28. Nd6 Bxg2 29. Nxc8 Bxf1 30. Qxe3 Bxe2 31. Qxe2 Qxc8 32. Rf1 Re8 33. Qd3 Qxg4+ 34. Qg3 Qf5 35. Qf3 Bf8 36. Kg2 Rd8 0-1

[Event "Tilburg"]
[Site "Tilburg"]
[Date "1993.??.??"]
[Round "1"]
[White "Romanishin, Oleg M"]
[Black "Bosboom, Manuel"]
[Result "1-0"]
[WhiteElo "2615"]
[BlackElo "2440"]
[PlyCount "119"]
[EventDate "1993.11.??"]
[Source "ChessBase"]

1. e4 c5 2. Nc3 e6 3. g3 Nc6 4. Bg2 g6 5. d3 Bg7 6. Be3 Nd4 7. Qd2 Qa5 8. Nf3 Ne7 9. O-O Nec6 10. Bh6 Nxf3+ 11. Bxf3 Nd4 12. Bg2 O-O 13. Bxg7 Kxg7 14. e5 f5 15. exf6+ Rxf6 16. f4 d5 17. Rf2 Bd7 18. Nd1 Qxd2 19. Rxd2 g5 20. c3 Nc6 21. fxg5 Rg6 22. Nf2 Rxg5 23. Nh3 Re5 24. d4 cxd4 25. cxd4 Rf5 26. Nf4 Kf7 27. Bh3 Rg5 28. Re1 Re8 29. Rf2 Kg7 30. Rd1 a5 31. Re2 Kf7 32. Rf1 Kg7 33. Rd1 Kf7 34. Re3 Nd8 35. Bg2 Reg8 36. Rde1 R8g7 37. Bh3 Ke7 38. Bxe6 Nxe6 39. Nxe6 Bxe6 40. Rxe6+ Kd7 41. Rb6 Kc7 42. Rb5 b6 43. Re6 R7g6 44. Rbxb6 Rxe6 45. Rxe6 Rg4 46. Kf2 Rxd4 47. Ke3 Rb4 48. b3 a4 49. Rh6 axb3 50. axb3 Kd7 51. Kd3 Rxb3+ 52. Kd4 Rb5 53. Ke5 Ke8 54. Rxh7 Kf8 55. Rd7 Rb2 56. h4 Re2+ 57. Kf6 Rf2+ 58. Kg5 Rd2 59. h5 Ke8 60. Ra7 1-0

[Event "EuTCh"]
[Site "Plovdiv"]
[Date "2003.10.12"]
[Round "2"]
[White "Jirovsky, Milos"]
[Black "Perunovic, Milos"]
[Result "0-1"]
[WhiteElo "2521"]
[BlackElo "2534"]
[PlyCount "72"]
[EventDate "2003.10.10"]
[Source "Roberto Alvarez"]
[SourceDate "2003.10.20"]

1. e4 c5 2. Nc3 e6 3. g3 Nc6 4. Bg2 g6 5. d3 Bg7 6. Be3 Nd4 7. Qd2 d6 8. Nd1 Ne7 9. c3 Ndc6 10. Bh6 O-O 11. h4 Bxh6 12. Qxh6 f6 13. Ne2 d5 14. O-O d4 15. c4 e5 16. Qd2 Qd6 17. f4 Bg4 18. Bf3 f5 19. Bxg4 fxg4 20. Kg2 Rf7 21. Nf2 h5 22. Rae1 Raf8 23. Nd1 Qf6 24. a3 a5 25. b3 exf4 26. Rxf4 Qd6 27. Ref1 Ne5 28. Rxf7 Rxf7 29. Rxf7 Kxf7 30. Qf4+ Ke6 31. Nb2 Kd7 32. Qf8 a4 33. Qa8 Qc6 34. Qh8 Nxd3 35. Nxd3 Qxe4+ 36. Kf2 Qxd3 0-1

[Event "Cap Memorial"]
[Site "Havana CUB"]
[Date "1988.05.??"]
[Round "10"]
[White "Rodriguez, Amador C"]
[Black "Diaz, Joaquin C"]
[Result "1/2-1/2"]
[WhiteElo "2565"]
[BlackElo "2485"]
[PlyCount "85"]
[EventDate "1988.??.??"]
[Source "www.chesslib.no"]
[SourceDate "2004.05.04"]

1. e4 c5 2. Nc3 Nc6 3. g3 g6 4. Bg2 Bg7 5. d3 e6 6. Be3 Nd4 7. f4 Ne7 8. Nf3 d5 9. Bf2 Nxf3+ 10. Bxf3 d4 11. Ne2 e5 12. O-O Bh3 13. Re1 Qd7 14. Qd2 Nc6 15. c3 O-O 16. cxd4 Nxd4 17. Nxd4 cxd4 18. Rac1 Rfc8 19. fxe5 Bxe5 20. Qa5 f6 21. Red1 Rxc1 22. Rxc1 Rc8 23. Rxc8+ Qxc8 24. Qd2 Kg7 25. Bd1 h5 26. Qc2 Qxc2 27. Bxc2 Be6 28. a3 a6 29. Kg2 g5 30. Bd1 Kg6 31. h3 g4 32. hxg4 hxg4 33. Kf1 f5 34. exf5+ Kxf5 35. Be1 Bd5 36. Kf2 Bf6 37. Bd2 Bg5 38. Bxg5 Kxg5 39. Be2 Kf5 40. Bd1 Be6 41. Ke1 Ke5 42. Ke2 Bd5 43. Bc2 1/2-1/2

[Event "France 86/114"]
[Site "?"]
[Date "2002.??.??"]
[Round "?"]
[White "Lepelletier, B."]
[Black "Istratescu, A."]
[Result "0-1"]
[WhiteElo "2444"]
[BlackElo "2605"]
[PlyCount "76"]
[EventDate "2002.??.??"]
[Source "Chess Informant"]
[SourceDate "2002.10.01"]

1. e4 g6 2. Nc3 c5 3. g3 Bg7 4. Bg2 Nc6 5. f4 d6 6. Nf3 e5 7. d3 Nge7 8. O-O Nd4 9. Ne2 Nxf3+ 10. Bxf3 h5 11. c3 exf4 12. Nxf4 Nc6 13. Be3 Ne5 14. Bg2 h4 15. Nd5 Be6 16. Qd2 Bxd5 17. exd5 hxg3 18. hxg3 Qd7 19. d4 cxd4 20. Bxd4 Kf8 21. Qf4 Kg8 22. Rad1 b5 23. Rf2 Rh5 24. Rdf1 Rf8 25. Qe4 a6 26. Bxe5 Bxe5 27. Rxf7 Qxf7 28. Rxf7 Kxf7 29. Qg4 Rf5 30. Be4 Rf6 31. a3 Kg7 32. Bd3 R8f7 33. Kg2 Rf2+ 34. Kg1 R2f3 35. Qxg6+ Kf8 36. Qh6+ Ke7 37. Kh1 Kd8 38. Qg6 Rg7 0-1

[Event "ISR-chT"]
[Site "Ramat Aviv"]
[Date "2000.01.14"]
[Round "1"]
[White "Murey, Jacob"]
[Black "Alterman, Boris"]
[Result "1/2-1/2"]
[WhiteElo "2487"]
[BlackElo "2561"]
[PlyCount "64"]
[EventDate "2000.01.14"]
[Source "ChessBase"]
[SourceDate "2000.03.10"]

1. e4 c5 2. Nc3 Nc6 3. g3 g6 4. Bg2 Bg7 5. Nge2 e6 6. O-O Nge7 7. a3 O-O 8. Rb1 d6 9. b4 b6 10. d3 Bb7 11. b5 Na5 12. Bd2 a6 13. Qc1 axb5 14. Bh6 e5 15. Bxg7 Kxg7 16. Nxb5 Nac6 17. Qb2 Ba6 18. Nec3 Qd7 19. Nd5 Nxd5 20. exd5 Ne7 21. Nc3 Rab8 22. f4 f6 23. fxe5 dxe5 24. Rf2 c4 25. dxc4 Bxc4 26. Rd1 b5 27. Qb4 Qa7 28. g4 f5 29. Qd6 e4 30. Qe5+ Kg8 31. Qe6+ Kg7 32. Qe5+ Kg8 1/2-1/2

[Event "Forli"]
[Site "?"]
[Date "1992.??.??"]
[Round "?"]
[White "Conquest, S."]
[Black "Cvitan, O."]
[Result "1-0"]
[WhiteElo "2495"]
[BlackElo "2550"]
[PlyCount "83"]
[EventDate "1992.??.??"]
[Source "ChessBase"]
[SourceDate "1992.06.01"]

1. e4 c5 2. Nc3 Nc6 3. g3 g6 4. d3 Bg7 5. Be3 d6 6. Qd2 Qa5 7. Bg2 Nd4 8. f4 e6 9. Nh3 Ne7 10. O-O Bd7 11. Rae1 f5 12. e5 Qc7 13. exd6 Qxd6 14. Nb1 Rc8 15. Na3 b6 16. c3 Ndc6 17. Ng5 Nd8 18. Nc4 Qc7 19. d4 O-O 20. dxc5 bxc5 21. Rd1 Ba4 22. Nd6 Rb8 23. b3 Bc6 24. Bxc6 Qxc6 25. c4 e5 26. fxe5 Bxe5 27. Nf3 Bg7 28. Bg5 Nc8 29. Nxf5 gxf5 30. Bxd8 Nb6 31. Bg5 Rbe8 32. Bf4 Re4 33. Qd6 Qc8 34. Rfe1 Rfe8 35. Qc7 Bd4+ 36. Kg2 Qe6 37. Rxe4 Qxe4 38. Re1 Qc2+ 39. Kh3 Rxe1 40. Ng5 Bg7 41. Qd8+ Bf8 42. Bd6 1-0

[Event "Helsinki"]
[Site "?"]
[Date "1992.??.??"]
[Round "?"]
[White "Murey, Y."]
[Black "Ye, Jiangchuan"]
[Result "0-1"]
[WhiteElo "2500"]
[BlackElo "2545"]
[PlyCount "58"]
[EventDate "1992.??.??"]
[Source "ChessBase"]
[SourceDate "1992.06.01"]

1. e4 c5 2. Nc3 Nc6 3. g3 g6 4. Bg2 Bg7 5. Nge2 Rb8 6. O-O b5 7. f4 b4 8. Nd5 e6 9. Ne3 f5 10. d3 Nge7 11. a3 d5 12. axb4 Rxb4 13. exd5 exd5 14. Ra2 O-O 15. b3 Rb8 16. Ba3 Nb4 17. Bxb4 cxb4 18. Rxa7 Qb6 19. Rxe7 Bf6 20. Bxd5+ Kh8 21. Rxh7+ Kxh7 22. Qd2 Re8 23. Rf3 Qd6 24. Bc4 Bb7 25. Rf2 Bd4 26. Nxd4 Qxd4 27. Ng2 Ra8 28. h4 Ra1+ 29. Kh2 Rd1 0-1

[Event "World Open"]
[Site "Philadelphia USA"]
[Date "2008.07.06"]
[Round "9"]
[White "Hess, Ro"]
[Black "Stocek, J."]
[Result "0-1"]
[WhiteElo "2484"]
[BlackElo "2559"]
[PlyCount "78"]
[EventDate "2008.07.02"]
[Source "www.chesslib.no"]
[SourceDate "2004.05.04"]

1. e4 c5 2. Nc3 e6 3. g3 Nc6 4. Bg2 Nf6 5. d3 Be7 6. Nge2 O-O 7. O-O Rb8 8. f4 b5 9. h3 d5 10. exd5 exd5 11. f5 b4 12. Na4 Re8 13. Bf4 Bd6 14. Qd2 Ne5 15. Bg5 Bb7 16. Rae1 h6 17. Bh4 Ned7 18. c3 Bc6 19. b3 Qc7 20. cxb4 Rxb4 21. Qc2 Rxh4 22. gxh4 Bh2+ 23. Kh1 Nh5 24. Nac3 Ndf6 25. Qd2 Be5 26. Kg1 d4 27. Ne4 Bh2+ 28. Kh1 Bxe4 29. dxe4 Nxe4 30. Qd3 Nef6 31. Bf3 Re3 32. Qd2 Qe5 33. Kg2 Bg3 34. Rc1 Rxe2+ 35. Bxe2 Nf4+ 36. Kf3 Qxf5 37. Rg1 Bh2 38. Rg4 Qd5+ 39. Kf2 Ne4+ 0-1

[Event "Toulon op 5th"]
[Site "Toulon"]
[Date "1999.11.04"]
[Round "8"]
[White "Kosten, Anthony C"]
[Black "Georgiev, Vladimir"]
[Result "1/2-1/2"]
[WhiteElo "2515"]
[BlackElo "2519"]
[PlyCount "46"]
[EventDate "1999.10.??"]
[Source "ChessBase"]
[SourceDate "2000.01.11"]

1. e4 c5 2. Nc3 Nc6 3. g3 g6 4. Bg2 Bg7 5. d3 Rb8 6. Be3 b5 7. Qd2 b4 8. Nd1 d6 9. Ne2 Nf6 10. h3 O-O 11. O-O a5 12. f4 Nd7 13. g4 Ba6 14. f5 Nde5 15. Bh6 Nd4 16. Bxg7 Kxg7 17. Nf4 a4 18. Ne3 a3 19. bxa3 bxa3 20. Qc3 g5 21. Nh5+ Kh8 22. Qxa3 Ra8 23. Qb2 Rb8 1/2-1/2

[Event "GER-ch"]
[Site "Altenkirchen"]
[Date "2001.12.02"]
[Round "3"]
[White "Tischbierek, Raj"]
[Black "Bischoff, Klaus"]
[Result "1/2-1/2"]
[WhiteElo "2493"]
[BlackElo "2541"]
[PlyCount "41"]
[EventDate "2001.11.30"]
[Source "ChessBase"]
[SourceDate "2002.03.21"]

1. e4 c5 2. Nc3 e6 3. g3 Nc6 4. Bg2 a6 5. d3 b5 6. f4 Bb7 7. Nf3 Rc8 8. O-O Nd4 9. e5 Bxf3 10. Bxf3 d5 11. Bg2 Ne7 12. a4 b4 13. Ne2 h5 14. c3 Nxe2+ 15. Qxe2 g6 16. Be3 Nc6 17. c4 d4 18. Bf2 Na5 19. h3 Be7 20. Be4 Kd7 21. Kg2 1/2-1/2

[Event "XXXIV Open internazionale"]
[Site "Siviglia SPA"]
[Date "2009.01.27"]
[Round "5"]
[White "Fernandez Romero, Ernesto"]
[Black "Spraggett, Kevin"]
[Result "0-1"]
[WhiteElo "2446"]
[BlackElo "2586"]
[PlyCount "70"]
[EventDate "2009.01.23"]
[Source "www.chesslib.no"]
[SourceDate "2004.05.04"]

1. e4 c5 2. Nc3 Nc6 3. Nge2 d6 4. g3 g6 5. Bg2 Bg7 6. O-O e5 7. d3 Nge7 8. Be3 Nd4 9. Nd5 Nxd5 10. exd5 Nf5 11. Bd2 O-O 12. a4 Bd7 13. c3 Qc7 14. Qc2 h5 15. h3 Rae8 16. Kh2 Kh7 17. Ng1 Nh6 18. Rae1 b6 19. b3 Qd8 20. Nf3 f6 21. h4 Qc8 22. Bc1 Nf7 23. Nd2 f5 24. Nf3 Bf6 25. Bd2 Qd8 26. Qc1 f4 27. d4 e4 28. Ng5+ Bxg5 29. hxg5 e3 30. fxe3 fxg3+ 31. Kxg3 Qxg5+ 32. Kh2 Qh4+ 33. Kg1 Ng5 34. Re2 Nh3+ 35. Bxh3 Bxh3 0-1

[Event "II"]
[Site "Wijk aan Zee II"]
[Date "1994.??.??"]
[Round "3"]
[White "Cifuentes Parada, Roberto"]
[Black "Nijboer, Friso"]
[Result "0-1"]
[WhiteElo "2500"]
[BlackElo "2530"]
[PlyCount "102"]
[EventDate "1994.??.??"]
[Source "www.chesslib.no"]
[SourceDate "2004.05.04"]

1. e4 c5 2. Nc3 Nc6 3. g3 d6 4. Bg2 e5 5. d3 Nge7 6. f4 g6 7. Nh3 Bg7 8. O-O Nd4 9. Rf2 O-O 10. f5 gxf5 11. Qh5 f6 12. Bh6 Qe8 13. Qxe8 Rxe8 14. Bxg7 Kxg7 15. Raf1 Rf8 16. exf5 Ndxf5 17. Re1 Bd7 18. Ne4 Bc6 19. g4 Nh4 20. Bh1 Bxe4 21. dxe4 Rad8 22. Rd1 Rd7 23. Rfd2 Rfd8 24. Kf2 b5 25. Kg3 Nhg6 26. Bf3 c4 27. c3 Nf8 28. g5 f5 29. exf5 Nxf5+ 30. Kf2 Ne6 31. Bc6 Rf7 32. Kg1 Nc7 33. Nf2 Kf8 34. Ne4 Ke7 35. b3 cxb3 36. axb3 b4 37. Ra2 a6 38. cxb4 Nd4 39. b5 axb5 40. Nf6 Nxc6 41. Rc2 Ne8 42. Rdd2 Ke6 43. Ng8 Kf5 44. Rb2 Ra8 45. Rbc2 Na5 46. Rc7 Ra7 47. b4 Nc4 48. Rb7 Na5 49. Rc7 Nc4 50. Rb7 Nb6 51. Rd7 Nc8 0-1

[Event "Titovo Uzice"]
[Site "?"]
[Date "1978.??.??"]
[Round "11"]
[White "Todorcevic Miodrag"]
[Black "Ljubojevic Ljubomir"]
[Result "0-1"]
[WhiteElo "2425"]
[BlackElo "2605"]
[PlyCount "74"]
[EventDate "1978.??.??"]
[Source "www.chesslib.no"]
[SourceDate "2004.05.04"]

1. e4 c5 2. Nc3 Nc6 3. g3 g6 4. Bg2 Bg7 5. d3 Rb8 6. f4 d6 7. Nf3 e6 8. O-O Nge7 9. Be3 Nd4 10. Bf2 Nec6 11. Nxd4 Nxd4 12. Rb1 b5 13. Ne2 b4 14. Nxd4 cxd4 15. Qe2 O-O 16. h4 Rb5 17. a3 a5 18. axb4 axb4 19. b3 Bd7 20. Ra1 Ra5 21. Qd2 Qb6 22. Rxa5 Qxa5 23. Be1 Rb8 24. Bf3 e5 25. fxe5 dxe5 26. Kg2 h5 27. Kh2 Qc5 28. Bd1 Qe7 29. Bf3 Kh7 30. Qe2 Rc8 31. Qd1 Be6 32. Rf2 Ra8 33. Bd2 Qc5 34. Bg5 f6 35. Bd2 Ra2 36. Be1 Bh6 37. Qe2 Bxb3 0-1

[Event "Hoogovens-B"]
[Site "Wijk aan Zee"]
[Date "1994.??.??"]
[Round "3"]
[White "Cifuentes Parada, Roberto"]
[Black "Nijboer, Friso"]
[Result "0-1"]
[WhiteElo "2500"]
[BlackElo "2530"]
[PlyCount "104"]
[EventDate "1994.01.??"]
[Source "ChessBase"]

1. e4 c5 2. Nc3 Nc6 3. g3 d6 4. Bg2 e5 5. d3 Nge7 6. f4 g6 7. Nh3 Bg7 8. O-O Nd4 9. Rf2 O-O 10. f5 gxf5 11. Qh5 f6 12. Bh6 Qe8 13. Qxe8 Rxe8 14. Bxg7 Kxg7 15. Raf1 Rf8 16. exf5 Ndxf5 17. Re1 Bd7 18. Ne4 Bc6 19. g4 Nh4 20. Bh1 Bxe4 21. dxe4 Rad8 22. Rd1 Rd7 23. Rfd2 Rfd8 24. Kf2 b5 25. Kg3 Nhg6 26. Bf3 c4 27. c3 Nf8 28. g5 f5 29. exf5 Nxf5+ 30. Kf2 Ne6 31. Bc6 Rf7 32. Kg1 Nc7 33. Nf2 Kf8 34. Ne4 Ke7 35. b3 cxb3 36. axb3 b4 37. Ra2 a6 38. cxb4 Nd4 39. b5 axb5 40. Nf6 Nxc6 41. Rc2 Ne8 42. Rxc6 Nxf6 43. gxf6+ Rxf6 44. Rb6 e4 45. Rxb5 Ke6 46. Rh5 Rd7 47. b4 d5 48. b5 e3 49. Re1 d4 50. b6 Kd6 51. Kg2 Kc6 52. Rb1 e2 0-1

[Event "Helsinki op"]
[Site "Helsinki"]
[Date "1992.??.??"]
[Round "1"]
[White "Lyrberg, Patrik"]
[Black "Sokolov, Andrei"]
[Result "1/2-1/2"]
[WhiteElo "2425"]
[BlackElo "2605"]
[PlyCount "69"]
[EventDate "1992.09.??"]
[Source "ChessBase"]

1. e4 c5 2. Nc3 Nc6 3. g3 g6 4. Bg2 Bg7 5. d3 h5 6. f4 b6 7. Nf3 Bb7 8. O-O Nd4 9. Be3 d6 10. f5 gxf5 11. Nh4 fxe4 12. Nxe4 d5 13. Ng5 Bf6 14. c3 Nc6 15. Bf3 Ne5 16. Bg2 e6 17. Bf4 Bxg5 18. Bxe5 f6 19. Ng6 Rh6 20. Bf4 Bxf4 21. Nxf4 f5 22. c4 Ne7 23. Re1 Qd6 24. Qc2 Kd7 25. d4 h4 26. dxc5 Qxc5+ 27. Qf2 hxg3 28. hxg3 Qxf2+ 29. Kxf2 Rc8 30. b3 Rc5 31. Rad1 Ra5 32. a4 Bc6 33. Nd3 Kc7 34. Nf4 Kd7 35. Nd3 1/2-1/2

[Event "Campionato Rep. Ceca"]
[Site "Praga CEC"]
[Date "2007.02.09"]
[Round "4"]
[White "Vokac, M."]
[Black "Oral, T."]
[Result "1/2-1/2"]
[WhiteElo "2506"]
[BlackElo "2521"]
[PlyCount "50"]
[EventDate "2007.02.06"]
[Source "www.chesslib.no"]
[SourceDate "2004.05.04"]

1. e4 c5 2. Nc3 e6 3. g3 Nc6 4. Bg2 Nf6 5. Nge2 Be7 6. O-O d5 7. exd5 exd5 8. d4 O-O 9. h3 Bf5 10. Be3 cxd4 11. Nxd4 Bg6 12. Nb3 Nb4 13. Rc1 Ne4 14. Nxe4 dxe4 15. a3 Nd5 16. Bc5 Re8 17. c4 Nb6 18. Qxd8 Raxd8 19. Bxe7 Rxe7 20. Nc5 f5 21. Rfe1 Bf7 22. Bf1 Rd2 23. b4 Rc7 24. Nb3 Rd8 25. Na5 Nd7 1/2-1/2